000 00683nam a2200229Ii 4500
003 JO-AjNU
008 230605s9999||||xx |||||||||||||| ||und||
017 _a2005/11/2564
020 _a9957-00-282-1
040 _aJO-AjNU
_bara
_erda
_cJO-AjNU
041 _aara
050 1 4 _aPJ7631 2006
100 3 _aتأليف زقطان، زهير خليل,
_eauthor
_949480
245 0 0 _aجسور خفية شعر
250 _aط1
264 3 1 _aعمان:دار الشروق،2006
300 _a79ص
336 _atext
_btxt
_2rdacontent
337 _aunmediated
_bn
_2rdamedia
338 _avolume
_bnc
_2rdacarrier
650 4 _aالشعر العربي - العصر الحديث
_949481
999 _aA21735
_c25303
_d25303